Formula One free practice drivers (2003-) - Statistics

General Stats
  • This quiz has been taken 343 times
    22 since last reset
  • The average score is 74 of 178
Answer Stats
Year Constructor Country Driver % Correct
2012 HRT China Ma Qinghua
94%
2013 Caterham China Ma Qinghua
94%
2024 Ferrari Monaco Arthur Leclerc
82%
2025 Ferrari Monaco Arthur Leclerc
82%
2016 Haas Monaco Charles Leclerc
82%
2017 Sauber Monaco Charles Leclerc
82%
2022 Alpine Australia Jack Doohan
82%
2023 Alpine Australia Jack Doohan
82%
2024 Alpine Australia Jack Doohan
82%
2022 Red Bull New Zealand Liam Lawson
82%
2022 AlphaTauri New Zealand Liam Lawson
82%
2023 Haas United Kingdom Oliver Bearman
82%
2024 Ferrari United Kingdom Oliver Bearman
82%
2024 Haas United Kingdom Oliver Bearman
82%
2024 Mercedes Italy Andrea Kimi Antonelli
76%
2023 Red Bull France Isack Hadjar
76%
2023 AlphaTauri France Isack Hadjar
76%
2024 Red Bull France Isack Hadjar
76%
2018 McLaren United Kingdom Lando Norris
76%
2025 Red Bull United Kingdom Arvid Lindblad
71%
2020 Haas Germany Mick Schumacher
71%
2021 Alpine China Zhou Guanyu
71%
2017 Haas Italy Antonio Giovinazzi
65%
2018 Sauber Italy Antonio Giovinazzi
65%
2022 Haas Italy Antonio Giovinazzi
65%
2022 Aston Martin Brazil Felipe Drugovich
65%
2023 Aston Martin Brazil Felipe Drugovich
65%
2024 Aston Martin Brazil Felipe Drugovich
65%
2025 Aston Martin Brazil Felipe Drugovich
65%
2022 Williams United States Logan Sargeant
65%
2014 Toro Rosso The Netherlands Max Verstappen
65%
2022 Mercedes The Netherlands Nyck de Vries
65%
2022 Aston Martin The Netherlands Nyck de Vries
65%
2022 Williams The Netherlands Nyck de Vries
65%
2025 Alpine Estonia Paul Aron
65%
2025 Sauber Estonia Paul Aron
65%
2024 Williams Argentina Franco Colapinto
59%
2023 Mercedes Denmark Frederik Vesti
59%
2025 Mercedes Denmark Frederik Vesti
59%
2017 Force India United Kingdom George Russell
59%
2011 Force India Germany Nico Hülkenberg
59%
2022 McLaren Mexico Patricio O'Ward
59%
2023 McLaren Mexico Patricio O'Ward
59%
2024 McLaren Mexico Patricio O'Ward
59%
2025 McLaren Mexico Patricio O'Ward
59%
2006 BMW Poland Robert Kubica
59%
2018 Williams Poland Robert Kubica
59%
2020 Alfa Romeo Poland Robert Kubica
59%
2021 Alfa Romeo Poland Robert Kubica
59%
2022 Alfa Romeo Poland Robert Kubica
59%
2025 Williams France Victor Martins
59%
2025 McLaren Ireland Alex Dunne
53%
2011 Lotus Renault Brazil Bruno Senna
53%
2013 Toro Rosso Russia Daniil Kvyat
53%
2014 Lotus France Esteban Ocon
53%
2016 Renault France Esteban Ocon
53%
2025 Aston Martin United States Jak Crawford
53%
2009 Toyota Japan Kamui Kobayashi
53%
2018 Force India Canada Nicholas Latifi
53%
2019 Williams Canada Nicholas Latifi
53%
2024 McLaren Japan Ryō Hirakawa
53%
2025 Alpine Japan Ryō Hirakawa
53%
2025 Haas Japan Ryō Hirakawa
53%
2006 BMW Germany Sebastian Vettel
53%
2007 BMW Germany Sebastian Vettel
53%
2024 RB Japan Ayumu Iwasa
47%
2025 Red Bull Japan Ayumu Iwasa
47%
2025 Racing Bulls Japan Ayumu Iwasa
47%
2005 Red Bull Austria Christian Klien
47%
2007 Honda Austria Christian Klien
47%
2010 Hispania Austria Christian Klien
47%
2011 Toro Rosso Australia Daniel Ricciardo
47%
2024 Williams United Kingdom Luke Browning
47%
2025 Williams United Kingdom Luke Browning
47%
2022 Haas Brazil Pietro Fittipaldi
47%
2022 Ferrari Israel Robert Shwartzman
47%
2023 Ferrari Israel Robert Shwartzman
47%
2024 Sauber Israel Robert Shwartzman
47%
2011 Lotus Renault France Romain Grosjean
47%
2022 Alfa Romeo France Théo Pourchaire
47%
2023 Alfa Romeo France Théo Pourchaire
47%
2012 Williams Finland Valtteri Bottas
47%
2005 McLaren Austria Alexander Wurz
41%
2006 Williams Austria Alexander Wurz
41%
2004 BAR United Kingdom Anthony Davidson
41%
2006 Honda United Kingdom Anthony Davidson
41%
2025 Aston Martin United Kingdom Cian Shields
41%
2025 Ferrari Sweden Dino Beganovic
41%
2013 Caterham Finland Heikki Kovalainen
41%
2007 Williams Japan Kazuki Nakajima
41%
2005 McLaren Spain Pedro de la Rosa
41%
2004 Jordan Monaco* Robert Doornbos
41%
2005 Jordan Monaco* Robert Doornbos
41%
2006 Red Bull The Netherlands* Robert Doornbos
41%
2014 Sauber Russia Sergey Sirotkin
41%
2016 Renault Russia Sergey Sirotkin
41%
2017 Renault Russia Sergey Sirotkin
41%
2012 Caterham United States Alexander Rossi
35%
2013 Caterham United States Alexander Rossi
35%
2014 Marussia United States Alexander Rossi
35%
2014 Caterham United States Alexander Rossi
35%
2005 Minardi Israel Chanoch Nissany
35%
2012 Sauber Mexico Esteban Gutiérrez
35%
2012 Caterham The Netherlands Giedo van der Garde
35%
2014 Sauber The Netherlands Giedo van der Garde
35%
2011 Lotus India Karun Chandhok
35%
2011 Hispania India Narain Karthikeyan
35%
2005 Toyota France Olivier Panis
35%
2010 Force India United Kingdom Paul di Resta
35%
2020 Williams Israel Roy Nissany
35%
2021 Williams Israel Roy Nissany
35%
2004 Jordan Germany Timo Glock
35%
2005 Red Bull Italy Vitantonio Liuzzi
35%
2020 Williams United Kingdom Jack Aitken
29%
2021 Williams United Kingdom Jack Aitken
29%
2015 Lotus United Kingdom Joylon Palmer
29%
2022 Red Bull Estonia Jüri Vips
29%
2006 Midland Germany Markus Winkelhock
29%
2019 Toro Rosso Japan Naoki Yamamoto
29%
2005 Jordan Denmark Nicolas Kiesa
29%
2014 Caterham Spain Roberto Merhi
29%
2005 Jordan Japan Sakon Yamamoto
29%
2006 Super Aguri Japan Sakon Yamamoto
29%
2010 Hispania Japan Sakon Yamamoto
29%
2005 Red Bull United States Scott Speed
29%
2003 Jordan Hungary Zsolt Baumgartner
29%
2022 McLaren Spain Álex Palou
24%
2025 Ferrari Italy Antonio Fuoco
24%
2003 Renault France Franck Montagny
24%
2005 Jordan France Franck Montagny
24%
2006 Super Aguri France Franck Montagny
24%
2003 Minardi Italy Gianmaria Bruni
24%
2011 Toro Rosso France Jean-Éric Vergne
24%
2012 Force India France Jules Bianchi
24%
2012 Marussia United Kingdom Max Chilton
24%
2004 Toyota Brazil Ricardo Zonta
24%
2005 Toyota Brazil Ricardo Zonta
24%
2017 Toro Rosso Indonesia Sean Gelael
24%
2018 Toro Rosso Indonesia Sean Gelael
24%
2006 Midland Germany Adrian Sutil
18%
2018 Renault Russia Artem Markelov
18%
2021 Alfa Romeo United Kingdom Callum Ilott
18%
2014 Lotus France Charles Pic
18%
2011 Lotus Italy Davide Valsecchi
18%
2005 Minardi Italy Enrico Toccacelo
18%
2014 Williams Brazil Felipe Nasr
18%
2010 Virgin Belgium Jérôme d'Ambrossio
18%
2004 Toyota Australia Ryan Briscoe
18%
2014 Williams United Kingdom Susie Wolff
18%
2015 Williams United Kingdom Susie Wolff
18%
2023 Williams United Kingdom Zak O'Sullivan
18%
2006 Midland France Alexandre Prémat
12%
2016 Force India Mexico Alfonso Celis
12%
2017 Force India Mexico Alfonso Celis
12%
2003 Renault United Kingdom Allan McNish
12%
2004 Minardi Belgium Bas Leinders
12%
2012 HRT Spain Dani Clos
12%
2014 Force India Spain Daniel Juncadella
12%
2006 Midland Venezuela Ernesto Viso
12%
2015 Manor Switzerland Fabio Leimer
12%
2023 Red Bull United Kingdom Jack Dennis
12%
2011 Lotus Brazil Luiz Razia
12%
2006 Red Bull Germany Michael Ammermüller
12%
2006 Toro Rosso Switzerland Neel Jani
12%
2013 Marussia Venezuela Rodolfo González
12%
2014 Sauber Hong Kong Adderly Fong
6%
2003 Jordan Sweden Björn Wirdheim
6%
2004 Jaguar Sweden Björn Wirdheim
6%
2010 Lotus Malaysia Fairuz Fauzy
6%
2006 Midland Switzerland Giorgio Mondini
6%
2013 Force India United Kingdom James Calado
6%
2011 Hispania Czech Republic Jan Charouz
6%
2016 Manor United Kingdom Jordan King
6%
2015 Sauber Italy Raffaele Marciello
6%
2011 Virgin Canada Robert Wickens
6%
2014 Caterham The Netherlands Robin Frijns
6%
2003 Jordan Japan Satoshi Motoyama
6%
2003 Minardi Italy Matteo Bibbi
0%
No matching quizzes found
Score Distribution
Percent of People with Each Score
Percentile by Number Answered
Your Score History
You have not taken this quiz since the last reset